000 00306nam a22001097a 4500
999 _c516839
_d516839
082 _aTNC P5 G959
100 _aGupta, Asha
_923557
245 _aEducation in the 21st century :
_bLooking beyond university
_cby Asha Gupta
260 _aNew Delhi
_bShipra
_c2010
300 _a319p.
650 _aEducation
_928056